01227cam a22002535a 45000010009000000050017000090080041000260200017000670200019000840400028001030820021001311000035001522450126001872600053003133000040003665040051004065050228004576500061006856510010007466530037007569420021007939990017008149520142008311801678320151124105718.0140123t2014 maua frb 001 0 eng d a 0124186734  a9780124186736  aDLCbengcDLCdEG-ScBUE04a005.117222bWAZ1 aWazlawick, Raul Sidnei.93878710aObject-oriented analysis and design for information systems :bmodeling with UML, OCL, and IFML /cRaul Sidnei Wazlawick. aWaltham :bMorgan Kaufmann / Elsevier, cc.2014. a(Various pagings) :bill. ;c24 cm. aIncludes bibliographical references and index.8 aMachine generated contents note: Introduction Business Modeling Requirements Use Cases System Sequence Diagrams Conceptual Modeling Contracts Domain Layer Design Web Interface Design Persistency Code Generation and Tests . 7aObject-oriented methods (Computer science)2BUEsh917722 2BUEsh bCOMSCIcAugust2015cNovember2015 2ddck005.117 WAZ c20549d20521 00102ddc40708BaccahaMAINbMAINcLOWd2015-08-17ePurchaseg440.00h21759l0o005.117 WAZp000030775r2025-07-15 00:00:00v550.00yBB